[Event "SportAccord Blitz w 2014"]
[Site "Beijing CHN"]
[Date "2014.12.14"]
[Round "11.6"]
[White "Kosintseva, Tatiana"]
[Black "Stefanova, Antoaneta"]
[Result "1/2-1/2"]
[WhiteTitle "GM"]
[BlackTitle "GM"]
[WhiteElo "2483"]
[BlackElo "2517"]
[WhiteFideId "4133471"]
[BlackFideId "2902257"]
[EventDate "2014.12.13"]

1. e4 e5 2. Nf3 Nc6 3. Bb5 Nf6 4. d3 d6 5. O-O Be7 6. c3 O-O 7. Re1 a6 8. Ba4 h6
9. h3 Re8 10. Nbd2 b5 11. Bc2 Bf8 12. a4 Bb7 13. Nh4 Nh7 14. Nf5 g6 15. Ne3 Rb8
16. b4 Bc8 17. Bb3 Be6 18. Nf3 Bg7 19. Bb2 Ng5 20. Nh2 Bxb3 21. Qxb3 Ne6 22. Nd5
Ne7 23. Bc1 c6 24. Nxe7+ Qxe7 25. Bd2 Qd7 26. Nf3 c5 27. axb5 axb5 28. Ra6 Nc7
29. Ra7 Qc6 30. Rea1 Ra8 31. Be3 Rxa7 32. Rxa7 Ra8 33. Rxa8+ Nxa8 34. Qa3 Nc7
35. Nd2 Bf8 36. Qa7 cxb4 37. cxb4 Ne6 38. Qb6 Qxb6 39. Bxb6 Nf4 40. d4 exd4 41.
Kf1 Nd3 42. Bxd4 Nxb4 43. Ke2 Nc6 44. Bb2 Bg7 45. Bc1 Kf8 46. Nb3 Ke7 47. Kd3
Ke6 48. f4 h5 49. g4 hxg4 50. hxg4 f5 51. exf5+ gxf5 52. g5 Kd5 53. Be3 Nb4+ 54.
Ke2 Nc2 55. Bd2 Ke4 56. Kd1 Na3 57. Na5 Nc4 58. Nxc4 bxc4 59. Kc2 d5 60. Bb4
Kxf4 61. Be7 d4 62. Bf6 Bf8 63. g6 Ke4 64. g7 Bxg7 65. Bxg7 f4 66. Kd2 f3 67.
Ke1 c3 68. Kf2 c2 69. Bh6 Kd3 70. Kxf3 Kc3 71. Bc1 d3 72. Ke3 d2 73. Bxd2+ Kb2
74. Kd3 1/2-1/2

[Event "SportAccord Blitz w 2014"]
[Site "Beijing CHN"]
[Date "2014.12.14"]
[Round "11.7"]
[White "Harika, Dronavalli"]
[Black "Koneru, Humpy"]
[Result "1/2-1/2"]
[WhiteTitle "GM"]
[BlackTitle "GM"]
[WhiteElo "2505"]
[BlackElo "2581"]
[WhiteFideId "5015197"]
[BlackFideId "5008123"]
[EventDate "2014.12.13"]

1. Nf3 Nf6 2. c4 e6 3. g3 d5 4. Bg2 Be7 5. O-O O-O 6. b3 b6 7. Bb2 Bb7 8. e3
Nbd7 9. Nc3 Nc5 10. d4 Nce4 11. Nxe4 Nxe4 12. Nd2 f5 13. Rc1 c5 14. Nxe4 dxe4
15. dxc5 bxc5 16. Qxd8 Rfxd8 17. Rfd1 Kf7 18. Kf1 a5 19. Rxd8 Rxd8 20. Ke2 Bf6
21. Ba3 Be7 22. Rd1 Rxd1 23. Kxd1 e5 24. Bb2 Ke6 25. Bc3 Bd8 26. Ke2 g5 27. h3
h5 28. Bf1 f4 29. Ke1 f3 30. Kd2 g4 31. hxg4 hxg4 32. a3 Bb6 33. Kc2 Kd6 34. Kd2
Bc8 35. Kc2 Bd7 36. Kb2 Be6 37. Kc2 Bd7 38. Kb2 Be6 39. Kc2 Bd7 1/2-1/2

[Event "SportAccord Blitz w 2014"]
[Site "Beijing CHN"]
[Date "2014.12.14"]
[Round "11.8"]
[White "Gunina, Valentina"]
[Black "Ju, Wenjun"]
[Result "1-0"]
[WhiteTitle "GM"]
[BlackTitle "GM"]
[WhiteElo "2522"]
[BlackElo "2568"]
[WhiteFideId "4167570"]
[BlackFideId "8603006"]
[EventDate "2014.12.13"]

1. d4 f5 2. c4 Nf6 3. Nf3 g6 4. g3 Bg7 5. Bg2 O-O 6. O-O d6 7. Nc3 Qe8 8. d5 Na6
9. Nd4 Bd7 10. Rb1 c6 11. b4 Nc7 12. dxc6 bxc6 13. b5 cxb5 14. cxb5 Rc8 15. a4
d5 16. Qb3 Kh8 17. Ba3 Ne4 18. Nxe4 fxe4 19. Rbd1 Rf7 20. Nc2 a6 21. Bb2 axb5
22. Bxg7+ Rxg7 23. a5 e6 24. f3 exf3 25. Rxf3 e5 26. Rc3 d4 27. Rc5 Na6 28. Rxc8
Qxc8 29. e3 Bf5 30. Ne1 Qc4 31. Qb2 Rd7 32. Rc1 Qb4 33. Qa2 Kg7 34. exd4 Qxd4+
35. Kh1 Nb4 36. Qe2 e4 37. g4 Nd3 38. Nxd3 exd3 39. Qd2 Bxg4 40. a6 Ra7 41. h3
Bf5 42. Qg5 Qf6 43. Qe3 Qxa6 44. Qd4+ Kh6 45. Qe3+ Kg7 46. Qd4+ Kh6 47. Qe3+ g5
48. Rc6+ Qxc6 49. Bxc6 Ra1+ 50. Kh2 Ra2+ 51. Kg3 d2 52. Bf3 Kg6 53. Qb6+ Kg7 54.
Qd4+ Kg6 55. Qd6+ Kg7 56. Qe5+ Kg6 57. Qe8+ Kg7 58. Qe7+ Kg6 59. Qe8+ Kg7 60.
Qxb5 Ra3 61. Qb2+ 1-0

[Event "SportAccord Blitz w 2014"]
[Site "Beijing CHN"]
[Date "2014.12.13"]
[Round "12.1"]
[White "Koneru, Humpy"]
[Black "Gunina, Valentina"]
[Result "1-0"]
[WhiteTitle "GM"]
[BlackTitle "GM"]
[WhiteElo "2581"]
[BlackElo "2522"]
[WhiteFideId "5008123"]
[BlackFideId "4167570"]
[EventDate "2014.12.13"]

1. d4 d5 2. c4 c6 3. Nf3 Nf6 4. e3 Bf5 5. Nc3 e6 6. Nh4 Bg6 7. Qb3 Qc7 8. Nxg6
hxg6 9. h3 Nbd7 10. Bd2 Nb6 11. cxd5 exd5 12. Bd3 Bd6 13. O-O-O O-O-O 14. Kb1
Kb8 15. Rc1 Qe7 16. f3 Nh5 17. Rhe1 f5 18. a4 Bb4 19. Rc2 a5 20. g4 Nf6 21. gxf5
gxf5 22. Bxf5 Nc4 23. Bc1 Nd6 24. Bg4 Rdf8 25. Rf1 Nxg4 26. hxg4 Rh3 27. Rcf2
Nc4 28. e4 Qe6 29. e5 c5 30. Na2 cxd4 31. Nxb4 axb4 32. Qxb4 Rc8 33. Rd1 Qxe5
34. a5 Ka7 35. b3 d3 36. bxc4 dxc4 37. Qb6+ Ka8 38. a6 Qc7 39. axb7+ Qxb7 40.
Ra2+ 1-0

[Event "SportAccord Blitz w 2014"]
[Site "Beijing CHN"]
[Date "2014.12.14"]
[Round "12.2"]
[White "Stefanova, Antoaneta"]
[Black "Harika, Dronavalli"]
[Result "1/2-1/2"]
[WhiteTitle "GM"]
[BlackTitle "GM"]
[WhiteElo "2517"]
[BlackElo "2505"]
[WhiteFideId "2902257"]
[BlackFideId "5015197"]
[EventDate "2014.12.13"]

1. d4 Nf6 2. Bg5 Ne4 3. Bf4 d5 4. e3 c5 5. Bd3 Nc6 6. Bxe4 dxe4 7. d5 e5 8. Bg3
Ne7 9. Nc3 Ng6 10. h4 h5 11. Nxe4 Be7 12. d6 Bf5 13. Qd5 Bxe4 14. Qxe4 Qxd6 15.
Nf3 O-O 16. Rd1 Qe6 17. b3 b5 18. O-O c4 19. bxc4 bxc4 20. Qd5 Qxd5 21. Rxd5 f6
22. Rd7 Bb4 23. Rfd1 Rf7 24. Rxf7 Kxf7 25. Rd7+ Kf8 26. Rc7 c3 27. Ne1 Ba5 28.
Rc5 Bb4 29. Rc4 Ba5 30. Nd3 Rb8 31. Rc5 Rb1+ 32. Kh2 Bb6 33. Rxc3 Ra1 34. a3 Ne7
35. Nb4 Ba5 36. Rb3 Rc1 37. c3 Bxb4 38. cxb4 Nd5 39. b5 Rc3 40. Rb2 Rxa3 41. e4
Nb6 42. f3 Nc4 43. Rc2 Ne3 44. Rb2 Nf1+ 45. Kh3 Nxg3 46. Kxg3 Kf7 47. b6 axb6
48. Rxb6 Kg6 49. Rb7 Ra1 50. Kh2 Ra2 51. Rc7 Rb2 52. Rd7 Ra2 53. Rc7 Rb2 54. Rd7
Ra2 1/2-1/2

[Event "SportAccord Blitz w 2014"]
[Site "Beijing CHN"]
[Date "2014.12.14"]
[Round "12.3"]
[White "Paehtz, Elisabeth"]
[Black "Kosintseva, Tatiana"]
[Result "1/2-1/2"]
[WhiteTitle "IM"]
[BlackTitle "GM"]
[WhiteElo "2485"]
[BlackElo "2483"]
[WhiteFideId "4641833"]
[BlackFideId "4133471"]
[EventDate "2014.12.13"]

1. e4 e5 2. Nf3 Nc6 3. Bc4 Nf6 4. d3 h6 5. c3 d6 6. Bb3 g6 7. Nbd2 Bg7 8. Nf1
O-O 9. Ng3 Na5 10. Bc2 c5 11. O-O Nc6 12. h3 d5 13. Qe2 Re8 14. Ba4 Bd7 15. exd5
Nxd5 16. Ne4 Qe7 17. Bb3 Be6 18. Re1 Rad8 19. Ng3 Qc7 20. Bc2 b6 21. Nh2 Nf4 22.
Qf1 Qd7 23. Bxf4 exf4 24. Ne4 Ne5 25. Rad1 f3 26. Nxf3 Nxf3+ 27. gxf3 Bxh3 28.
Qe2 f5 29. Bb3+ Kh8 30. Qe3 fxe4 31. dxe4 Qe7 32. f4 Be6 33. Bc2 Rf8 34. Qg3 Qf7
35. Rxd8 Rxd8 36. Re2 Bxa2 37. e5 Rf8 38. e6 Bxe6 39. Bxg6 Qf6 40. Bc2 Bf5 41.
Bb3 Bd3 42. Qxd3 Qxf4 43. Bc2 Kg8 44. Qh7+ Kf7 45. Qg6+ Kg8 46. Kf1 c4 47. Be4
Qg5 48. Qh7+ Kf7 49. Bc2 Rd8 50. Qe4 b5 51. Qe6+ Kf8 52. Qe4 Qc1+ 53. Re1 Qg5
54. Qf3+ Kg8 55. Qe4 a6 56. Qh7+ Kf7 57. Qe4 Kg8 58. Qf3 Rf8 59. Qe4 Rf4 60.
Qh7+ Kf7 61. Re3 Qf6 62. Re2 Rh4 63. Be4 Qd6 64. Qf5+ Bf6 65. Qg6+ Kf8 66. Re1
Be7 67. Qf5+ Qf6 68. Qc8+ Kg7 69. Qd7 Rf4 70. Qd2 Qh4 71. Qe3 Bg5 72. Bg2 Bf6
73. Qa7+ Kg6 74. Qc5 Qg5 75. Qc6 Kh5 76. Re3 Qf5 77. Rh3+ Bh4 78. Bf3+ Kg5 79.
Qb7 Qb1+ 80. Kg2 Qg6 81. Qd5+ Qf5 82. Qg8+ Qg6 83. Qd8+ Qf6 84. Qd5+ Qf5 85.
Qg8+ Qg6 86. Qd8+ Qf6 87. Qd5+ Qf5 88. Qg8+ Qg6 89. Qd5+ Qf5 90. Qg8+ Qg6 91.
Qd5+ Qf5 1/2-1/2

[Event "SportAccord Blitz w 2014"]
[Site "Beijing CHN"]
[Date "2014.12.14"]
[Round "12.4"]
[White "Ushenina, Anna"]
[Black "Muzychuk, Anna"]
[Result "0-1"]
[WhiteTitle "GM"]
[BlackTitle "GM"]
[WhiteElo "2494"]
[BlackElo "2545"]
[WhiteFideId "14110911"]
[BlackFideId "14111330"]
[EventDate "2014.12.13"]

1. d4 f5 2. g3 Nf6 3. Bg2 g6 4. b3 Bg7 5. Bb2 O-O 6. Nd2 d6 7. Nc4 e6 8. Nf3 Nc6
9. O-O Qe7 10. a3 Bd7 11. Ne1 e5 12. dxe5 dxe5 13. Bxc6 Bxc6 14. Nxe5 Bd5 15. c4
Be4 16. f3 Rad8 17. Qc1 Nh5 18. fxe4 Bxe5 19. Bxe5 Qxe5 20. exf5 Qxe2 21. Rf2
Qe4 22. Qc2 Qd4 23. Qb2 Qxb2 24. Rxb2 Rxf5 25. Re2 Nf6 26. Raa2 Ng4 27. Kg2 Ne5
28. Rad2 Rxd2 29. Rxd2 Nc6 30. Nf3 Rf7 31. b4 Re7 32. Kf2 Kg7 33. c5 Kf6 34. b5
Ne5 35. Nd4 Nc4 36. Rc2 Nxa3 37. Ra2 Nb1 38. Rxa7 Nc3 39. Rxb7 Ne4+ 40. Kf3 Nxc5
41. Nc6 Nxb7 42. Nxe7 Kxe7 43. Ke3 Nd6 0-1

[Event "SportAccord Blitz w 2014"]
[Site "Beijing CHN"]
[Date "2014.12.14"]
[Round "12.6"]
[White "Khotenashvili, Bela"]
[Black "Zhao, Xue"]
[Result "1-0"]
[WhiteTitle "GM"]
[BlackTitle "GM"]
[WhiteElo "2504"]
[BlackElo "2514"]
[WhiteFideId "13602640"]
[BlackFideId "8601283"]
[EventDate "2014.12.13"]

1. g3 d5 2. Bg2 c6 3. Nf3 Bg4 4. c4 e6 5. b3 Nd7 6. Bb2 Ngf6 7. O-O Bd6 8. d3
O-O 9. Nbd2 h6 10. Nh4 Bh5 11. h3 Nh7 12. Qe1 f5 13. f4 Bc5+ 14. Kh1 Be3 15.
Nhf3 Qb6 16. d4 Ndf6 17. c5 Qd8 18. Ne5 Bxd2 19. Qxd2 Ne4 20. Qe3 Nhf6 21. Kh2
Kh7 22. Bf3 Be8 23. g4 Nd7 24. gxf5 exf5 25. Bxe4 fxe4 26. f5 Bh5 27. Rf2 Qe7
28. Rg1 Rad8 29. Rfg2 Rg8 30. Qf4 Rdf8 31. e3 Nb8 32. Bc3 Qf6 33. Rf2 Kh8 34.
Be1 Qe7 35. Rfg2 g5 1-0

[Event "SportAccord Blitz w 2014"]
[Site "Beijing CHN"]
[Date "2014.12.14"]
[Round "12.7"]
[White "Cramling, Pia"]
[Black "Muzychuk, Mariya"]
[Result "0-1"]
[WhiteTitle "GM"]
[BlackTitle "IM"]
[WhiteElo "2518"]
[BlackElo "2529"]
[WhiteFideId "1700030"]
[BlackFideId "14114550"]
[EventDate "2014.12.13"]

1. d4 Nf6 2. Nf3 e6 3. c4 c5 4. d5 b5 5. e4 Nxe4 6. Bd3 Nf6 7. O-O Be7 8. Nc3 b4
9. Ne4 d6 10. Bg5 e5 11. Bxf6 Bxf6 12. a3 bxa3 13. Qa4+ Kf8 14. bxa3 Be7 15. Ng3
Nd7 16. Qc6 Rb8 17. Rab1 Rb6 18. Rxb6 Nxb6 19. Bf5 Ba6 20. Rc1 g6 21. Bd3 Kg7
22. a4 Qb8 23. Bf5 gxf5 24. Nxf5+ Kf6 25. Nxe7 Kxe7 26. a5 Rc8 27. Nxe5 dxe5 28.
Qh6 Qd6 29. Qg5+ Qf6 30. d6+ Ke6 31. Qg4+ Qf5 32. Qe2 Nd7 33. Qd2 e4 34. Qh6+
Nf6 35. h3 0-1

[Event "SportAccord Blitz w 2014"]
[Site "Beijing CHN"]
[Date "2014.12.14"]
[Round "12.8"]
[White "Hou, Yifan"]
[Black "Ju, Wenjun"]
[Result "1-0"]
[WhiteTitle "GM"]
[BlackTitle "GM"]
[WhiteElo "2673"]
[BlackElo "2568"]
[WhiteFideId "8602980"]
[BlackFideId "8603006"]
[EventDate "2014.12.13"]

1. e4 c5 2. Nc3 d6 3. f4 g6 4. Nf3 Bg7 5. Bb5+ Bd7 6. Bc4 Nc6 7. O-O Be6 8. d3
Bxc4 9. dxc4 Nf6 10. Kh1 O-O 11. Qd3 a6 12. f5 Qd7 13. a3 e6 14. Bg5 Ng4 15. h3
Nge5 16. Nxe5 Nxe5 17. Qe2 exf5 18. exf5 gxf5 19. Nd5 f6 20. Bd2 Rae8 21. b3 Ng6
22. Qf2 f4 23. Bxf4 f5 24. Rad1 Re6 25. Qf3 Kh8 26. Nb6 Qe7 27. Nd5 Qd7 28. Bd2
Qf7 29. Bc3 Be5 30. Qd3 Nh4 31. Nf4 Rf6 32. Qg3 Ng6 33. Nxg6+ Qxg6 34. Bxe5 dxe5
35. Qxe5 b6 36. Rd7 a5 37. a4 Rg8 38. Rf2 Rf8 39. Rd6 Qg5 40. Rxb6 Qg7 41. Rxf6
Rxf6 42. Rxf5 Rxf5 43. Qxf5 Qd4 44. Qf8# 1-0

[Event "SportAccord Blitz w 2014"]
[Site "Beijing CHN"]
[Date "2014.12.14"]
[Round "13.1"]
[White "Dzagnidze, Nana"]
[Black "Khotenashvili, Bela"]
[Result "1/2-1/2"]
[WhiteTitle "GM"]
[BlackTitle "GM"]
[WhiteElo "2570"]
[BlackElo "2504"]
[WhiteFideId "13601903"]
[BlackFideId "13602640"]
[EventDate "2014.12.13"]

1. c4 g6 2. Nc3 Bg7 3. Nf3 e5 4. d3 Nc6 5. Rb1 a5 6. g3 Nge7 7. Bg2 d6 8. O-O
O-O 9. a3 h6 10. b4 axb4 11. axb4 Nf5 12. e3 Nce7 13. g4 e4 14. Nxe4 d5 15. cxd5
Nd6 16. h3 Nxd5 17. Bb2 Bxb2 18. Rxb2 Nxe4 19. dxe4 Nb6 20. Qc1 Be6 21. Nd4 Bc4
22. Re1 Qe7 23. f4 Ra2 24. Rxa2 Bxa2 25. Qc5 Qxc5 26. bxc5 Nd7 27. Rc1 c6 28. e5
Re8 29. Kf2 Kf8 30. h4 Ke7 31. g5 hxg5 32. hxg5 Ra8 33. Bh3 Ra5 34. Bxd7 Kxd7
35. Ra1 Ra4 36. Ke1 Ra6 37. Kd2 Kc7 38. Kc3 b6 39. Nb3 Kb7 40. cxb6 Ra3 41. Kd4
Rxb3 42. Rxa2 Kxb6 43. e4 c5+ 44. Kc4 Rb4+ 45. Kd3 Rb3+ 46. Kc4 Rb4+ 47. Kd3
Rb3+ 48. Ke2 Rb4 49. Ke3 Rb3+ 50. Kf2 Rb4 51. Kf3 Rb3+ 52. Ke2 Rb4 53. Kd3 Rb3+
54. Ke2 1/2-1/2

[Event "SportAccord Blitz w 2014"]
[Site "Beijing CHN"]
[Date "2014.12.14"]
[Round "13.3"]
[White "Kosintseva, Tatiana"]
[Black "Ushenina, Anna"]
[Result "1-0"]
[WhiteTitle "GM"]
[BlackTitle "GM"]
[WhiteElo "2483"]
[BlackElo "2494"]
[WhiteFideId "4133471"]
[BlackFideId "14110911"]
[EventDate "2014.12.13"]

1. e4 c5 2. Nf3 d6 3. d4 cxd4 4. Nxd4 Nf6 5. Nc3 a6 6. h3 e6 7. g4 d5 8. exd5
Nxd5 9. Nde2 Nc6 10. Bg2 Bb4 11. O-O Nxc3 12. Qxd8+ Nxd8 13. Nxc3 Bd7 14. Ne4
Bc6 15. Bf4 O-O 16. Rfd1 f6 17. c3 Be7 18. Bd6 Rf7 19. Nc5 Bxg2 20. Kxg2 Rc8 21.
b4 e5 22. a4 a5 23. Bxe7 Rxe7 24. Rd6 axb4 25. cxb4 Nc6 26. b5 Nd4 27. Ne4 Rec7
28. Rb6 Rd8 29. a5 Nb3 30. Ra3 Nd2 31. Nxd2 Rxd2 32. a6 bxa6 33. bxa6 Rdd7 34.
Rab3 Ra7 35. Rb7 Kf8 36. Rxa7 Rxa7 37. Rb8+ Ke7 38. Rb7+ Rxb7 39. axb7 1-0

[Event "SportAccord Blitz w 2014"]
[Site "Beijing CHN"]
[Date "2014.12.14"]
[Round "13.4"]
[White "Harika, Dronavalli"]
[Black "Paehtz, Elisabeth"]
[Result "1/2-1/2"]
[WhiteTitle "GM"]
[BlackTitle "IM"]
[WhiteElo "2505"]
[BlackElo "2485"]
[WhiteFideId "5015197"]
[BlackFideId "4641833"]
[EventDate "2014.12.13"]

1. Nf3 d6 2. d4 g6 3. g3 Bg7 4. Bg2 Nf6 5. O-O O-O 6. a4 Na6 7. Nc3 c5 8. d5 Bg4
9. h3 Bxf3 10. Bxf3 Nd7 11. Bg2 Nb4 12. e4 b6 13. Qe2 Qc8 14. f4 a6 15. Kh1 Qc7
16. Be3 Rfb8 17. g4 Qb7 18. e5 Qc7 19. e6 Nf6 20. exf7+ Kxf7 21. Rae1 Kg8 22. f5
Qd7 23. Bg5 Rf8 24. Ne4 Rae8 25. fxg6 hxg6 26. c3 Nbxd5 27. Qd3 Kh7 28. Bh4 Nxe4
29. Bxe4 Nf4 30. Rxf4 Rxf4 31. Bxg6+ Kh8 32. Qd5 e5 33. Bxe8 Qxe8 34. Qxd6 Qa8+
35. Kg1 Qf3 36. Qd8+ Rf8 37. Qg5 Qxh3 38. Bf2 Qf3 39. Qh4+ Kg8 40. Qg3 Qd5 41.
Qg2 Rf3 42. Be3 e4 43. Bf2 Qd3 44. g5 Qd5 45. g6 Qf5 46. Be3 Bf6 47. Rf1 Kg7 48.
Rxf3 exf3 49. Qf1 Qg4+ 50. Kh1 Be5 51. Qf2 Kxg6 52. Qc2+ Qf5 53. Qd2 Qe4 54. Kg1
Kf6 55. Qd8+ Ke6 56. Qe8+ Kf5 57. Qd7+ Kf6 58. Qd8+ Ke6 59. Qe8+ Kd6 60. Qd8+
Ke6 1/2-1/2

[Event "SportAccord Blitz w 2014"]
[Site "Beijing CHN"]
[Date "2014.12.14"]
[Round "13.5"]
[White "Gunina, Valentina"]
[Black "Stefanova, Antoaneta"]
[Result "1-0"]
[WhiteTitle "GM"]
[BlackTitle "GM"]
[WhiteElo "2522"]
[BlackElo "2517"]
[WhiteFideId "4167570"]
[BlackFideId "2902257"]
[EventDate "2014.12.13"]

1. d4 d5 2. c4 c6 3. Nf3 Nf6 4. e3 Bg4 5. Be2 e6 6. O-O Nbd7 7. Nbd2 Bd6 8. b3
O-O 9. Bb2 Qb8 10. h3 Bh5 11. a3 b5 12. c5 Bc7 13. b4 a5 14. Qc2 e5 15. dxe5
Nxe5 16. Nxe5 Bxe5 17. Bxh5 Nxh5 18. Nf3 Bxb2 19. Qxb2 Nf6 20. Nd4 Qc7 21. a4
bxa4 22. Rxa4 axb4 23. Rxb4 Nd7 24. Rb7 Qd8 25. Nxc6 Qe8 26. Rd1 Nxc5 27. Ne7+
Kh8 28. Nf5 Rg8 29. Nd6 Nxb7 30. Nxe8 Rb8 31. Nf6 gxf6 32. Qxf6+ Rg7 33. Rxd5
Rg8 34. g4 1-0

[Event "SportAccord Blitz w 2014"]
[Site "Beijing CHN"]
[Date "2014.12.14"]
[Round "13.6"]
[White "Ju, Wenjun"]
[Black "Koneru, Humpy"]
[Result "1/2-1/2"]
[WhiteTitle "GM"]
[BlackTitle "GM"]
[WhiteElo "2568"]
[BlackElo "2581"]
[WhiteFideId "8603006"]
[BlackFideId "5008123"]
[EventDate "2014.12.13"]

1. c4 e6 2. g3 Nf6 3. Bg2 d5 4. Nf3 Be7 5. d4 O-O 6. Qc2 c5 7. dxc5 Qa5+ 8. Nc3
dxc4 9. O-O Qxc5 10. Be3 Qh5 11. Bg5 Nc6 12. Rfd1 h6 13. Bxf6 Bxf6 14. Ne4 Qg6
15. Nxf6+ Qxf6 16. Qxc4 e5 17. e3 Be6 18. Qe4 Bf5 19. Qa4 Rfd8 20. Nd2 Qg6 21.
Nb3 Bc2 22. Rxd8+ Rxd8 23. Qb5 Bxb3 24. axb3 Rd7 25. Bxc6 Qxc6 26. Qxe5 a6 27.
h4 Rd2 28. Qb8+ Kh7 29. Qf4 Kg8 30. Qb8+ Kh7 31. Qf4 Kg8 32. Qb8+ 1/2-1/2

[Event "SportAccord Blitz w 2014"]
[Site "Beijing CHN"]
[Date "2014.12.14"]
[Round "13.7"]
[White "Muzychuk, Mariya"]
[Black "Hou, Yifan"]
[Result "1/2-1/2"]
[WhiteTitle "IM"]
[BlackTitle "GM"]
[WhiteElo "2529"]
[BlackElo "2673"]
[WhiteFideId "14114550"]
[BlackFideId "8602980"]
[EventDate "2014.12.13"]

1. e4 e6 2. d4 d5 3. exd5 exd5 4. Nf3 Nf6 5. h3 Be7 6. c4 O-O 7. Be2 dxc4 8.
Bxc4 Nbd7 9. O-O Nb6 10. Bb3 Nbd5 11. Nc3 h6 12. Re1 Be6 13. Bd2 c6 14. Ne5 Re8
15. Qf3 Qb6 16. Rad1 Rad8 17. Qg3 Nh5 18. Qf3 Nhf6 19. Qg3 Kh8 20. Ng6+ Kh7 21.
Nxe7 Rxe7 22. Na4 Qc7 23. Qd3+ Kg8 24. Nc5 Bc8 25. Qf3 Rde8 26. Rxe7 Rxe7 27.
Bc2 Qb6 28. Bc3 Qd8 29. Ne4 Nxe4 30. Bxe4 Be6 31. Bc2 Nf6 32. d5 Nxd5 33. Qe4 f5
34. Qd4 Qe8 35. Qxa7 Nxc3 36. bxc3 Bd5 37. Bb3 Re1+ 38. Rxe1 Qxe1+ 39. Kh2 Qe5+
40. Kg1 Bxb3 41. axb3 Qxc3 42. Qxb7 Qe1+ 43. Kh2 Qxf2 44. Qxc6 Qf4+ 45. g3 Qd2+
46. Qg2 Qc3 47. Qd5+ Kh8 48. Qxf5 Qb2+ 49. Kg1 Qxb3 50. Qf8+ Kh7 51. Qf5+ Kh8
52. Qf8+ 1/2-1/2

[Event "SportAccord Blitz w 2014"]
[Site "Beijing CHN"]
[Date "2014.12.14"]
[Round "13.8"]
[White "Zhao, Xue"]
[Black "Cramling, Pia"]
[Result "1-0"]
[WhiteTitle "GM"]
[BlackTitle "GM"]
[WhiteElo "2514"]
[BlackElo "2518"]
[WhiteFideId "8601283"]
[BlackFideId "1700030"]
[EventDate "2014.12.13"]

1. c4 e6 2. Nf3 Nf6 3. b3 b6 4. g3 Bb7 5. Bg2 c5 6. O-O Be7 7. Bb2 d6 8. e3 O-O
9. d4 a6 10. d5 exd5 11. Nh4 Re8 12. Nc3 Nbd7 13. cxd5 b5 14. a4 b4 15. Nb1 Bf8
16. Re1 g6 17. e4 Bg7 18. a5 c4 19. bxc4 Nc5 20. f3 Bc8 21. Bf1 Bd7 22. Nd2
Nfxe4 23. Bxg7 Nxd2 24. Bb2 Rxe1 25. Qxe1 Qxh4 26. Qxd2 Qe7 27. Re1 Qf8 28. Qxb4
f6 29. Qd2 Rb8 30. Bc3 Rb3 31. Bd4 Rxf3 32. Qe2 Ra3 33. Qe7 Qxe7 34. Rxe7 Bf5
35. Bxc5 dxc5 36. d6 Ra1 37. d7 Bxd7 38. Rxd7 Rxa5 39. Rc7 1-0

[Event "SportAccord Blitz w 2014"]
[Site "Beijing CHN"]
[Date "2014.12.14"]
[Round "14.1"]
[White "Ushenina, Anna"]
[Black "Harika, Dronavalli"]
[Result "1-0"]
[WhiteTitle "GM"]
[BlackTitle "GM"]
[WhiteElo "2494"]
[BlackElo "2505"]
[WhiteFideId "14110911"]
[BlackFideId "5015197"]
[EventDate "2014.12.13"]

1. d4 g6 2. c4 Bg7 3. Nc3 c5 4. d5 Bxc3+ 5. bxc3 f5 6. g4 d6 7. gxf5 Bxf5 8. Bg5
Qa5 9. Qd2 Nd7 10. f3 Nb6 11. e4 Bd7 12. h4 O-O-O 13. Nh3 Nf6 14. Nf4 Rhf8 15.
Qd3 Rf7 16. Ne6 Bxe6 17. dxe6 Rff8 18. Rh2 Qa4 19. Bh6 Nh5 20. Bxf8 Rxf8 21. e5
Nf4 22. Qe3 Qc6 23. exd6 Rf6 24. O-O-O exd6 25. e7 Qd7 26. e8=Q+ 1-0

[Event "SportAccord Blitz w 2014"]
[Site "Beijing CHN"]
[Date "2014.12.14"]
[Round "14.3"]
[White "Khotenashvili, Bela"]
[Black "Muzychuk, Anna"]
[Result "1-0"]
[WhiteTitle "GM"]
[BlackTitle "GM"]
[WhiteElo "2504"]
[BlackElo "2545"]
[WhiteFideId "13602640"]
[BlackFideId "14111330"]
[EventDate "2014.12.13"]

1. g3 c5 2. Bg2 Nc6 3. Nf3 g6 4. O-O Bg7 5. e4 e5 6. Nc3 Nge7 7. d3 O-O 8. Nd5
d6 9. c3 h6 10. Nxe7+ Qxe7 11. Nh4 Kh7 12. Be3 Be6 13. Qd2 Rad8 14. Rae1 d5 15.
Qc2 dxe4 16. dxe4 Bc4 17. Nf3 Bxf1 18. Bxf1 Na5 19. h4 h5 20. Qa4 Qc7 21. b4
cxb4 22. cxb4 Nc6 23. Rc1 Qd7 24. b5 Nd4 25. Ng5+ Kg8 26. Qxa7 Nxb5 27. Qb6 Nd4
28. Rc7 Qd6 29. Qxd6 Rxd6 30. Rxb7 Rc8 31. Kg2 f6 32. Nf3 Nxf3 33. Kxf3 Rc3 34.
Kg2 f5 35. a4 fxe4 36. a5 Rxe3 37. fxe3 Rd2+ 38. Kh3 Bh6 39. Rb3 Kg7 40. a6 Ra2
41. Bc4 Ra1 42. Rb7+ Kf6 43. Rf7# 1-0

[Event "SportAccord Blitz w 2014"]
[Site "Beijing CHN"]
[Date "2014.12.14"]
[Round "14.4"]
[White "Cramling, Pia"]
[Black "Dzagnidze, Nana"]
[Result "0-1"]
[WhiteTitle "GM"]
[BlackTitle "GM"]
[WhiteElo "2518"]
[BlackElo "2570"]
[WhiteFideId "1700030"]
[BlackFideId "13601903"]
[EventDate "2014.12.13"]

1. Nf3 Nf6 2. c4 e6 3. g3 d5 4. Bg2 Nbd7 5. O-O Bd6 6. b3 O-O 7. Bb2 Qe7 8. d4
b6 9. Nc3 Bb7 10. Nb5 Ne4 11. Rc1 a6 12. Nxd6 cxd6 13. Ne1 Rac8 14. Nd3 Nb8 15.
Re1 Rfd8 16. f3 Nf6 17. e4 dxc4 18. bxc4 Nc6 19. Nf4 Na5 20. Bf1 Qe8 21. Ba3 Rc7
22. Bb4 Nc6 23. Bc3 Ne7 24. Qb3 Nc8 25. Nd3 Nd7 26. Nf4 Nf6 27. Qb4 a5 28. Qa3
Ba6 29. Bb2 Bb7 30. Bc3 Nd7 31. Bb2 h6 32. Nh5 e5 33. g4 exd4 34. Bxd4 Ne5 35.
Be2 f6 36. Ng3 Ne7 37. Bxb6 Rc6 38. Bxd8 Qxd8 39. Nf5 Nxf5 40. gxf5 Rc5 41. Red1
Qc7 42. Qb2 Ba6 43. Qd2 Qa7 44. Kh1 Bxc4 45. Bxc4+ Nxc4 46. Qd5+ Rxd5 47. Rxd5
Qe3 48. Rf1 Qe2 49. Kg1 Ne3 0-1

[Event "SportAccord Blitz w 2014"]
[Site "Beijing CHN"]
[Date "2014.12.14"]
[Round "14.5"]
[White "Muzychuk, Mariya"]
[Black "Zhao, Xue"]
[Result "0-1"]
[WhiteTitle "IM"]
[BlackTitle "GM"]
[WhiteElo "2529"]
[BlackElo "2514"]
[WhiteFideId "14114550"]
[BlackFideId "8601283"]
[EventDate "2014.12.13"]

1. e4 d5 2. exd5 Qxd5 3. Nc3 Qd6 4. d4 Nf6 5. Nf3 g6 6. Ne5 Bg7 7. Bf4 Nh5 8.
Nb5 Qd8 9. Qf3 Nxf4 10. Qxf4 O-O 11. Bc4 e6 12. O-O-O a6 13. Nc3 Nd7 14. Ne4 Nb6
15. Bb3 Nd5 16. Qf3 a5 17. Nc5 b6 18. Ncd3 a4 19. Bxd5 exd5 20. a3 Bf5 21. h4 c5
22. dxc5 bxc5 23. Nc6 Qc7 24. Qxd5 Rac8 25. Nce5 c4 26. Nxc4 Be6 27. Qe4 Bxc4
28. h5 Bd5 29. Qxa4 Ra8 30. Qf4 Qb7 31. hxg6 fxg6 32. Qd6 Rfd8 33. Qh2 Bf6 34.
Nb4 Be4 35. Qf4 Qe7 36. Rhe1 Bg5 37. Rxe4 Bxf4+ 38. Rxf4 Rxd1+ 39. Kxd1 Rd8+ 40.
Nd3 Qg5 41. g3 Qh5+ 42. Kd2 Qa5+ 43. Kd1 Re8 44. Rd4 Qh5+ 45. Kd2 Qe2+ 46. Kc3
Rc8+ 47. Kb4 Qxc2 48. a4 Rb8+ 49. Ka5 Qc7+ 0-1